Globalization Alternatives:Strategies for the new international economy / (Record no. 4073)

000 -LEADER
fixed length control field 00970cam a22002894a 4500
001 - CONTROL NUMBER
control field 2156543
003 - CONTROL NUMBER IDENTIFIER
control field OSt
005 - DATE AND TIME OF LATEST TRANSACTION
control field 20190228115039.0
008 - FIXED-LENGTH DATA ELEMENTS--GENERAL INFORMATION
fixed length control field 990504s2000 enka b 001 0 eng
010 ## - LIBRARY OF CONGRESS CONTROL NUMBER
LC control number
020 ## - INTERNATIONAL STANDARD BOOK NUMBER
International Standard Book Number 9781631577789
020 ## - INTERNATIONAL STANDARD BOOK NUMBER
International Standard Book Number 0521644356 (pbk.)
040 ## - CATALOGING SOURCE
Original cataloging agency DLC
Transcribing agency DLC
Modifying agency DLC
042 ## - AUTHENTICATION CODE
Authentication code pcc
050 00 - LIBRARY OF CONGRESS CALL NUMBER
Classification number HF1359.G56 2018
082 00 - DEWEY DECIMAL CLASSIFICATION NUMBER
Classification number 337
Edition number 21
245 14 - TITLE STATEMENT
Title Globalization Alternatives:Strategies for the new international economy /
Statement of responsibility, etc edited by J. Mark Munoz
260 ## - PUBLICATION, DISTRIBUTION, ETC. (IMPRINT)
Place of publication, distribution, etc New York :
Name of publisher, distributor, etc Business Expert Press,
Date of publication, distribution, etc 2018.
300 ## - PHYSICAL DESCRIPTION
Extent 147 p. :
Dimensions 23 cm.
440 ## - SERIES STATEMENT/ADDED ENTRY--TITLE
Title International Business Collection
650 #0 - SUBJECT ADDED ENTRY--TOPICAL TERM
Topical term or geographic name as entry element International economic relations.
650 #0 - SUBJECT ADDED ENTRY--TOPICAL TERM
Topical term or geographic name as entry element International economic relations
General subdivision Mathematical models.
906 ## - LOCAL DATA ELEMENT F, LDF (RLIN)
a 7
b cbc
c orignew
d 1
e ocip
f 19
g y-gencatlg
942 ## - ADDED ENTRY ELEMENTS (KOHA)
Source of classification or shelving scheme
Koha item type Book
Holdings
Withdrawn status Lost status Source of classification or shelving scheme Damaged status Not for loan Home library Current library Shelving location Date acquired Total Checkouts Full call number Barcode Date last seen Copy number Price effective from Koha item type Checked out Date checked out
          Riara University Library Riara University Library General stack 28/02/2019   HF1359.G56 2018 10157/19 28/02/2019 C.1 28/02/2019 Book    
          Riara University Library Riara University Library General stack 28/02/2019 7 HF1359.G56 2018 10158/19 26/02/2025 C.2 28/02/2019 Book 30/04/2025 26/02/2025

Riara University Library,
P.O. Box 49940-00100,
Nairobi, Kenya.